[Event "AUT-ch U08"]
[Site "St Kanzian"]
[Date "2017.06.18"]
[Round "7.7"]
[White "Feiertag, Jonas"]
[Black "Hautzeneder, Niklas"]
[Result "1-0"]
[WhiteElo "854"]
[BlackElo "800"]
[PlyCount "89"]
[EventDate "2017.06.16"]
[EventType "swiss"]
[EventRounds "7"]
[EventCountry "AUT"]
[SourceTitle "EXT 2024"]
[Source "ChessBase"]
[SourceDate "2023.10.10"]
[SourceVersion "1"]
[SourceVersionDate "2023.10.10"]
[SourceQuality "1"]

1. d4 d5 2. c4 Be6 3. cxd5 Bxd5 4. Nc3 f5 5. Nf3 Bxf3 6. gxf3 Nf6 7. e4 fxe4 8. fxe4 e6 9. e5 Nfd7 10. Be3 Bb4 11. Bd2 c5 12. dxc5 Bxc5 13. Qe2 0-0 14. 0-0-0 Bd4 15. Kb1 Bxe5 16. Rg1 Bxh2 17. Rg2 Qh4 18. Bg5 Qh3 19. Rg4 Ne5 20. Bxh3 Nxg4 21. Qxe6+ Kh8 22. Bxg4 Na6 23. Qe5 Bxe5 24. Nd5 h6 25. Rh1 Kh7 26. Be2 Rad8 27. Bd3+ Kh8 28. Bxd8 Rxd8 29. Be4 Nc5 30. Bf3 Rf8 31. Rh3 Nd3 32. Ne7 Kh7 33. Be4+ Kh8 34. Ng6+ Kg8 35. Nxf8 Nxf2 36. Bd5+ Kxf8 37. Rf3+ Ke7 38. Rxf2 Bd4 39. Rf7+ Kd6 40. Bxb7 Ke6 41. Rf4 Be5 42. Re4 g5 43. Bc8+ Kd5 44. Bb7+ Ke6 45. Kc2 1-0